000 00228nam a22000857a 4500
008 160924b xxu||||| |||| 00| 0 eng d
100 _9727
_aBhardwaj.M.etal
245 _aComputer Series-5
260 _aNew Delhi
_bPMP. Publications
_c2012
999 _c3384
_d3384